000 01214nam a22003970a 4500
001 PT5524
003 AR-LpoUNG
005 20210131232126.0
008 191001s1997||||ag |||||||||||||||||spa d
020 _a9502306236
_c$8
040 _aAR-LpoUNG
_bspa
_cAR-LpoUNG
_eaacr
041 _aspa
044 _aag
082 0 _a982.065 971hac
100 1 _aDussel, Inés
245 1 0 _aHaciendo memoria en el país de nunca más
250 _a1ra. ed., 1ra. reimp.
260 _aBuenos Aires :
_bEUDEBA,
_c1997.
300 _a175 p. :
_bfot., il.
520 _a<p>Este libro pretende ser un nuevo aporte para que docentes y alumnos aborden la lectura del Nunca más relacionándolo con procesos históricos, reflexiones filosóficas, consideraciones políticas y posiciones éticas.</p>
650 4 _aARGENTINA
650 4 _aDEMOCRACIA
650 4 _aDERECHO
650 4 _aDERECHOS HUMANOS
650 4 _aHISTORIA SOCIAL
650 4 _aJUVENTUD
650 4 _aORGANIZACIONES JUVENILES
650 4 _aSISTEMAS POLITICOS
650 4 _aSOCIEDAD
650 4 _aTOTALITARISMO
651 4 _aArgentina
700 1 _aFinocchio, Silvia
700 1 _aGojman, Silvia
905 _a5524
942 _cLSALA
999 _c13864
_d13864